[Event "Andorra op 37th"]
[Site "Escaldes"]
[Date "2019.08.03"]
[Round "8"]
[White "Mosquera Klinger, Miguel Alonso"]
[Black "Orteu Capdevila, Max"]
[Result "1-0"]
[WhiteElo "2385"]
[BlackElo "2173"]
[PlyCount "77"]
[EventDate "2019.07.27"]
[EventType "swiss"]
[EventRounds "9"]
[EventCountry "AND"]
[SourceTitle "CBM 191 Extra"]
[Source "ChessBase"]
[SourceDate "2019.09.30"]
[SourceVersion "1"]
[SourceVersionDate "2019.09.30"]
[SourceQuality "1"]

1. e4 d6 2. d4 Nf6 3. Nc3 g6 4. f3 c6 5. Be3 Nbd7 6. Qd2 b5 7. 0-0-0 Nb6 8. b3 Qc7 9. Kb1 a5 10. d5 b4 11. Bxb6 Qxb6 12. Na4 Qc7 13. dxc6 Ba6 14. Bxa6 Rxa6 15. Ne2 Bg7 16. c3 bxc3 17. Nexc3 Rxc6 18. Rc1 0-0 19. Nb5 Qb7 20. Rxc6 Qxc6 21. Nd4 Qb7 22. Rc1 Rc8 23. Rxc8+ Qxc8 24. Qc2 Qa6 25. Qe2 Qc8 26. Qb5 h5 27. Nc6 Qd7 28. Nb6 Qc7 29. Na8 Qd7 30. Nb6 Qc7 31. Na8 Qd7 32. Qb8+ Kh7 33. Qc7 Qe6 34. Qxe7 Qc8 35. Nc7 Ng8 36. Qxf7 Qb7 37. Ne7 Qxc7 38. Qxg8+ Kh6 39. Qf7 1-0

[Event "Catalunya-chT Gp2"]
[Site "Barcelona"]
[Date "2019.02.09"]
[Round "4.9"]
[White "Guasch Sariol, Jaume"]
[Black "Orteu Capdevila, Max"]
[Result "0-1"]
[WhiteElo "2085"]
[BlackElo "2160"]
[PlyCount "48"]
[EventDate "2019.01.19"]
[EventType "team-tourn"]
[EventRounds "7"]
[EventCountry "ESP"]
[SourceTitle "CBM 188 Extra"]
[Source "ChessBase"]
[SourceDate "2019.02.26"]
[SourceVersion "1"]
[SourceVersionDate "2019.02.26"]
[SourceQuality "1"]
[WhiteTeam "Cerdanyola Valles"]
[BlackTeam "Barcelona Escola Escacs"]
[WhiteTeamCountry "ESP"]
[BlackTeamCountry "ESP"]

1. d4 Nf6 2. c4 e6 3. Nc3 Bb4 4. e3 b6 5. Nge2 c5 6. a3 Ba5 7. Nf4 0-0 8. Be2 Bb7 9. 0-0 Bxc3 10. bxc3 d6 11. f3 e5 12. Nh3 Nc6 13. d5 Na5 14. Bd3 Ba6 15. Qe2 Qd7 16. a4 e4 17. fxe4 Qg4 18. Rf3 Nxe4 19. Qc2 f5 20. Rf4 Qg6 21. Bxe4 fxe4 22. Qxe4 Qxe4 23. Rxe4 Bxc4 24. Re6 Rf1# 0-1

[Event "Catalunya-chT GpA final"]
[Site "Barcelona"]
[Date "2018.03.17"]
[Round "2.10"]
[White "Orteu Capdevila, Max"]
[Black "De Seroux, Camille"]
[Result "1-0"]
[WhiteElo "2156"]
[BlackElo "2181"]
[PlyCount "91"]
[EventDate "2018.03.10"]
[EventType "team-tourn"]
[EventRounds "4"]
[EventCountry "ESP"]
[SourceTitle "CBM 183 Extra"]
[Source "ChessBase"]
[SourceDate "2018.04.19"]
[SourceVersion "1"]
[SourceVersionDate "2018.04.19"]
[SourceQuality "1"]
[WhiteTeam "Barcelona Escola Escacs"]
[BlackTeam "Mollet"]
[WhiteTeamCountry "ESP"]
[BlackTeamCountry "ESP"]

1. c4 Nf6 2. g3 g6 3. Bg2 Bg7 4. Nc3 0-0 5. e3 d6 6. Nge2 e5 7. Rb1 Nc6 8. d3 a5 9. b3 Be6 10. Nd5 Qd7 11. h3 h5 12. Bb2 Rfe8 13. Qd2 Nh7 14. Nec3 Nd8 15. Rc1 Rb8 16. e4 Nc6 17. Nb5 Rbc8 18. Nbc3 Nd4 19. Ne2 Nxe2 20. Qxe2 Rcd8 21. Qd2 c6 22. Ne3 Ra8 23. h4 Nf6 24. 0-0 Bh6 25. Rfd1 Bg4 26. f3 Bh3 27. d4 Bxg2 28. Kxg2 Qe7 29. dxe5 dxe5 30. Nf5 Bxd2 31. Nxe7+ Rxe7 32. Rxd2 Rae8 33. Rcd1 Re6 34. Kf2 Nh7 35. Rd7 R6e7 36. Ba3 Rxd7 37. Rxd7 b5 38. c5 Nf8 39. Ra7 Rd8 40. Ke2 Ne6 41. Bb2 Nxc5 42. Bxe5 Nd3 43. Bf6 Nc1+ 44. Ke3 Re8 45. Rxa5 Kh7 46. Kd2 1-0

[Event "Catalunya-chT GpA final"]
[Site "Barcelona"]
[Date "2018.03.10"]
[Round "1.10"]
[White "Travesset Sagre, Jan"]
[Black "Orteu Capdevila, Max"]
[Result "0-1"]
[WhiteElo "1838"]
[BlackElo "2156"]
[PlyCount "58"]
[EventDate "2018.03.10"]
[EventType "team-tourn"]
[EventRounds "4"]
[EventCountry "ESP"]
[SourceTitle "CBM 183 Extra"]
[Source "ChessBase"]
[SourceDate "2018.04.19"]
[SourceVersion "1"]
[SourceVersionDate "2018.04.19"]
[SourceQuality "1"]
[WhiteTeam "Sant Andreu"]
[BlackTeam "Barcelona Escola Escacs"]
[WhiteTeamCountry "ESP"]
[BlackTeamCountry "ESP"]

1. Nf3 Nf6 2. c4 e6 3. g3 c5 4. Bg2 a6 5. b3 d6 6. Bb2 Be7 7. 0-0 Qc7 8. d4 cxd4 9. Qxd4 b6 10. Nc3 Bb7 11. Rad1 0-0 12. h3 Nbd7 13. Rfe1 Rac8 14. e4 Rfd8 15. Nh2 Bf8 16. Qe3 Bc6 17. Ne2 Re8 18. Qf4 b5 19. Rc1 Qb7 20. cxb5 axb5 21. Ng4 Nxg4 22. Qxg4 Ne5 23. Bxe5 dxe5 24. Rc2 f5 25. Qg5 Bxe4 26. Bxe4 Qxe4 27. Rxc8 Rxc8 28. Kf1 Rc2 29. Qd8 Rxe2 0-1

[Event "Catalunya-chT Gp1"]
[Site "Barcelona"]
[Date "2018.01.20"]
[Round "1.9"]
[White "Sobrerroca Basaganas, Josep"]
[Black "Orteu Capdevila, Max"]
[Result "1/2-1/2"]
[WhiteElo "1932"]
[BlackElo "2156"]
[PlyCount "90"]
[EventDate "2018.01.20"]
[EventType "team-tourn"]
[EventRounds "7"]
[EventCountry "ESP"]
[SourceTitle "CBM 182 Extra"]
[Source "ChessBase"]
[SourceDate "2018.02.23"]
[SourceVersion "1"]
[SourceVersionDate "2018.02.23"]
[SourceQuality "1"]
[WhiteTeam "Olot"]
[BlackTeam "Barcelona Escola Escacs"]
[WhiteTeamCountry "ESP"]
[BlackTeamCountry "ESP"]

1. e4 c5 2. Nc3 e6 3. f4 d5 4. e5 Nc6 5. Nf3 Nge7 6. g3 Nf5 7. Bg2 Be7 8. 0-0 h5 9. Ne2 Qc7 10. c3 d4 11. d3 0-0 12. h3 Rd8 13. c4 Rb8 14. g4 hxg4 15. hxg4 Ne3 16. Bxe3 dxe3 17. Ne1 b5 18. cxb5 Rxb5 19. Qc1 Bh4 20. Qxe3 Nb4 21. Nc3 Rb8 22. Qh3 Bxe1 23. Raxe1 Rxd3 24. Qh4 Qd8 25. Qxd8+ Rxd8 26. Rd1 Ba6 27. Rxd8+ Rxd8 28. Rb1 Rd4 29. a3 Nd3 30. Ne2 Ra4 31. Bc6 Rc4 32. Rd1 Nxf4 33. Rd8+ Kh7 34. Nc3 Rd4 35. Ra8 Ne2+ 36. Nxe2 Bxe2 37. Rxa7 Bc4 38. Rxf7 Rxg4+ 39. Kf2 Rg5 40. Be4+ Kg8 41. Rc7 Rxe5 42. Bg6 Kf8 43. Rf7+ Kg8 44. Rc7 Kf8 45. Rf7+ Kg8 1/2-1/2

[Event "Catalunya-chT GpA final"]
[Site "Barcelona"]
[Date "2017.04.01"]
[Round "4.9"]
[White "Orteu Capdevila, Max"]
[Black "Anguera Maestro, Jaime"]
[Result "1-0"]
[WhiteElo "2095"]
[BlackElo "2059"]
[PlyCount "145"]
[EventDate "2017.03.11"]
[EventType "team-tourn"]
[EventRounds "11"]
[EventCountry "ESP"]
[SourceTitle "EXT 2018"]
[Source "ChessBase"]
[SourceDate "2017.10.13"]
[SourceVersion "1"]
[SourceVersionDate "2017.10.13"]
[SourceQuality "1"]
[WhiteTeam "Barcelona Escola Escacs"]
[BlackTeam "Sant Andreu"]
[WhiteTeamCountry "ESP"]
[BlackTeamCountry "ESP"]

1. e4 d6 2. d4 g6 3. Nc3 Bg7 4. f4 c6 5. Nf3 Bg4 6. Be3 Nd7 7. h3 Bxf3 8. Qxf3 e6 9. e5 d5 10. Bd3 Ne7 11. 0-0 0-0 12. Bf2 b6 13. Ne2 c5 14. c4 Rc8 15. Rac1 a6 16. cxd5 exd5 17. Bxa6 Ra8 18. Bb7 Rxa2 19. Qb3 Ra5 20. Bxd5 cxd4 21. Bxf7+ Rxf7 22. e6 Rf8 23. exd7+ Kh8 24. Nxd4 Qxd7 25. Ne6 Rf6 26. Nxg7 Kxg7 27. Rfd1 Rd6 28. Rxd6 Qxd6 29. Qxb6 Qxb6 30. Bxb6 Rb5 31. Bd4+ Kf7 32. Kf2 Rb4 33. Be5 Ke6 34. Kf3 Rb3+ 35. Kf2 g5 36. Re1 Ng6 37. Bc3+ Kf7 38. fxg5 Nf4 39. Kg3 Nd3 40. Rf1+ Kg8 41. Rf3 Nxb2 42. Bxb2 Rxb2 43. h4 Kg7 44. h5 Ra2 45. Kh4 Rb2 46. g3 Rb7 47. Kg4 Ra7 48. Re3 Rb7 49. Re6 Ra7 50. Kf5 Rf7+ 51. Kg4 Ra7 52. g6 Ra4+ 53. Kh3 hxg6 54. Rxg6+ Kh7 55. Rf6 Kg7 56. Rf4 Ra3 57. Kh4 Rb3 58. g4 Rb5 59. Rf5 Rb4 60. Kg5 Kh7 61. Rf7+ Kg8 62. Rf4 Rb6 63. Rf6 Rb4 64. Kf5 Ra4 65. g5 Kg7 66. h6+ Kh7 67. Rf7+ Kg8 68. Kg6 Ra8 69. Rf6 Kh8 70. Re6 Rg8+ 71. Kh5 Rb8 72. g6 Ra8 73. h7 1-0

[Event "Catalunya-chT GpA final"]
[Site "Barcelona"]
[Date "2017.03.11"]
[Round "1.9"]
[White "Marques Taltavull, Antonio"]
[Black "Orteu Capdevila, Max"]
[Result "1/2-1/2"]
[WhiteElo "2156"]
[BlackElo "2095"]
[PlyCount "94"]
[EventDate "2017.03.11"]
[EventType "team-tourn"]
[EventRounds "11"]
[EventCountry "ESP"]
[SourceTitle "CBM 177 Extra"]
[Source "ChessBase"]
[SourceDate "2017.04.27"]
[SourceVersion "1"]
[SourceVersionDate "2017.04.27"]
[SourceQuality "1"]
[WhiteTeam "Tres Peons"]
[BlackTeam "Barcelona Escola Escacs"]
[WhiteTeamCountry "ESP"]
[BlackTeamCountry "ESP"]

1. c4 Nf6 2. g3 e6 3. Bg2 c5 4. Nc3 a6 5. Nf3 Qc7 6. 0-0 d6 7. b3 Be7 8. Bb2 b6 9. d4 cxd4 10. Nxd4 Bb7 11. e4 Nbd7 12. Qe2 0-0 13. Rad1 Rfe8 14. g4 g6 15. Nc2 d5 16. f4 dxe4 17. Nxe4 Nxe4 18. Bxe4 Bxe4 19. Qxe4 Rad8 20. Ne3 Nc5 21. Qf3 Nd3 22. Ba1 Bc5 23. Kg2 Nxf4+ 24. Qxf4 Qxf4 25. Rxf4 Bxe3 26. Rff1 Bc5 27. Bf6 Rxd1 28. Rxd1 Kf8 29. g5 Be7 30. Kf3 h6 31. h4 Bxf6 32. gxf6 e5 33. Ke4 g5 34. hxg5 hxg5 35. Rh1 Kg8 36. Rh5 Re6 37. Rxg5+ Kf8 38. Rf5 a5 39. Rf3 Ke8 40. Kf5 Kd7 41. Re3 Kd6 42. a3 Re8 43. b4 axb4 44. axb4 Re6 45. Rd3+ Kc6 46. Rf3 Kd6 47. Ke4 Re8 1/2-1/2

[Event "Barcelona Sants op-A18th"]
[Site "Barcelona"]
[Date "2016.08.19"]
[Round "1"]
[White "Orteu Capdevila, Max"]
[Black "Sasikiran, Krishnan"]
[Result "0-1"]
[WhiteElo "2147"]
[BlackElo "2658"]
[PlyCount "70"]
[EventDate "2016.08.19"]
[EventType "swiss"]
[EventRounds "10"]
[EventCountry "ESP"]
[SourceTitle "CBM 174 Extra"]
[Source "ChessBase"]
[SourceDate "2016.10.10"]
[SourceVersion "1"]
[SourceVersionDate "2016.10.10"]
[SourceQuality "1"]

1. e4 c5 2. Nf3 d6 3. d4 cxd4 4. Nxd4 Nf6 5. Nc3 a6 6. h3 e5 7. Nde2 h5 8. g3 Be7 9. Bg2 Nbd7 10. a4 b6 11. b3 Bb7 12. Bg5 Rc8 13. 0-0 Nc5 14. Bxf6 Bxf6 15. b4 Ne6 16. Nd5 h4 17. Nxf6+ Qxf6 18. g4 Qe7 19. Qd3 0-0 20. Rad1 Qc7 21. c3 Rfd8 22. Qe3 a5 23. f4 exf4 24. Nxf4 Qxc3 25. Qxb6 Qxb4 26. Qxb4 axb4 27. Nxe6 fxe6 28. Rd4 b3 29. Rb1 Rc3 30. Rb4 Bc6 31. a5 Ra8 32. R4xb3 Rxb3 33. Rxb3 Rxa5 34. Rd3 Ra1+ 35. Bf1 Bb5 0-1

[Event "Catalunya-chT Gp1 final"]
[Site "Barcelona"]
[Date "2016.04.09"]
[Round "3.2"]
[White "Garcia Castany Musellas, Gal La"]
[Black "Orteu Capdevila, Max"]
[Result "1-0"]
[WhiteElo "2220"]
[BlackElo "2019"]
[PlyCount "43"]
[EventDate "2016.03.12"]
[EventType "team-tourn"]
[EventRounds "4"]
[EventCountry "ESP"]
[SourceTitle "EXT 2017"]
[Source "ChessBase"]
[SourceDate "2016.10.25"]
[SourceVersion "1"]
[SourceVersionDate "2016.10.25"]
[SourceQuality "1"]
[WhiteTeam "Colon Sabadell"]
[BlackTeam "Barcelona Escola Escacs"]
[WhiteTeamCountry "ESP"]
[BlackTeamCountry "ESP"]

1. e4 c5 2. Nf3 d6 3. d4 cxd4 4. Qxd4 Nc6 5. Bb5 Bd7 6. Qd3 h6 7. c4 e5 8. Nc3 Nf6 9. 0-0 Be7 10. h3 0-0 11. Be3 a6 12. Bxc6 Bxc6 13. Rfd1 Rc8 14. a4 b6 15. Nd5 Bxd5 16. cxd5 Rb8 17. Nd2 Qc8 18. Rdc1 Qb7 19. Rc6 Nd7 20. Nc4 Nc5 21. Qc2 Nxa4 22. Rxa4 1-0

[Event "Catalunya-chT Gp1 final"]
[Site "Barcelona"]
[Date "2016.04.02"]
[Round "2.2"]
[White "Orteu Capdevila, Max"]
[Black "Morros Faura, Ricard"]
[Result "1/2-1/2"]
[WhiteElo "2019"]
[BlackElo "2205"]
[PlyCount "67"]
[EventDate "2016.03.12"]
[EventType "team-tourn"]
[EventRounds "4"]
[EventCountry "ESP"]
[SourceTitle "CBM 171 Extra"]
[Source "ChessBase"]
[SourceDate "2016.04.26"]
[SourceVersion "1"]
[SourceVersionDate "2016.04.26"]
[SourceQuality "1"]
[WhiteTeam "Barcelona Escola Escacs"]
[BlackTeam "Mollet"]
[WhiteTeamCountry "ESP"]
[BlackTeamCountry "ESP"]

1. e4 c5 2. Nf3 d6 3. d4 cxd4 4. Nxd4 Nf6 5. Nc3 g6 6. g3 Nc6 7. Nde2 Bd7 8. Bg2 Qc8 9. 0-0 h5 10. Nd5 Nxd5 11. exd5 Ne5 12. h4 Bh3 13. c3 a6 14. Nd4 Bxg2 15. Kxg2 Qc5 16. Nf3 Ng4 17. Qa4+ b5 18. Qd4 Qxd4 19. Nxd4 Bg7 20. Rd1 Kd7 21. a4 e5 22. dxe6+ fxe6 23. f3 Bxd4 24. Rxd4 Ne5 25. Bf4 Nc4 26. Bxd6 Kc6 27. Ba3 Rad8 28. Kf2 e5 29. axb5+ axb5 30. Rdd1 Rxd1 31. Rxd1 Ra8 32. Ra1 Rd8 33. Re1 Ra8 34. Ra1 1/2-1/2

[Event "Catalunya-chT Gp1"]
[Site "Barcelona"]
[Date "2016.02.27"]
[Round "6.2"]
[White "Orteu Capdevila, Max"]
[Black "Chalmeta Ugas, Jordi Ramon"]
[Result "1/2-1/2"]
[WhiteElo "1990"]
[BlackElo "2103"]
[PlyCount "27"]
[EventDate "2016.01.23"]
[EventType "team-tourn"]
[EventRounds "7"]
[EventCountry "ESP"]
[SourceTitle "EXT 2017"]
[Source "ChessBase"]
[SourceDate "2016.10.25"]
[SourceVersion "1"]
[SourceVersionDate "2016.10.25"]
[SourceQuality "1"]
[WhiteTeam "Barcelona Escola Escacs"]
[BlackTeam "Foment Martinenc"]
[WhiteTeamCountry "ESP"]
[BlackTeamCountry "ESP"]

1. e4 e6 2. d4 d5 3. Nd2 Nc6 4. Ngf3 Nf6 5. e5 Nd7 6. Nb3 Be7 7. Bb5 a5 8. a4 0-0 9. 0-0 Nb6 10. Re1 Bd7 11. Nc5 Rb8 12. c3 Na7 13. Bd3 Be8 14. g3 1/2-1/2

[Event "Barcelona Guinardo op 5th"]
[Site "Barcelona"]
[Date "2016.01.05"]
[Round "9"]
[White "Orteu Capdevila, Max"]
[Black "Fabregas Fontanet, Antonio"]
[Result "0-1"]
[WhiteElo "1965"]
[BlackElo "1993"]
[PlyCount "56"]
[EventDate "2015.12.27"]
[EventType "swiss"]
[EventRounds "9"]
[EventCountry "ESP"]
[SourceTitle "CBM 170 Extra"]
[Source "ChessBase"]
[SourceDate "2016.02.25"]
[SourceVersion "1"]
[SourceVersionDate "2016.02.25"]
[SourceQuality "1"]

1. e4 d6 2. d4 g6 3. Nc3 Bg7 4. f4 Nc6 5. Bb5 Bd7 6. Nf3 e6 7. 0-0 Nce7 8. Bd3 Nh6 9. Qe1 0-0 10. Qh4 Nc6 11. Qh3 Nxd4 12. Nxd4 Bxd4+ 13. Kh1 Bg7 14. g4 f5 15. g5 Nf7 16. Qg3 fxe4 17. Bxe4 Nxg5 18. Bxb7 Rb8 19. Bg2 Nf7 20. b3 Nh6 21. Bb2 Nf5 22. Qf2 Bd4 23. Qd2 Qh4 24. Qd3 c5 25. Nd1 Bb5 26. c4 Bxc4 27. bxc4 Bxb2 28. Nxb2 Rxb2 0-1

[Event "Benidorm New Generation U18 11th"]
[Site "Benidorm"]
[Date "2015.12.07"]
[Round "5.1"]
[White "Guerra Rivera, Salvador"]
[Black "Orteu Capdevila, Max"]
[Result "1-0"]
[WhiteElo "2179"]
[BlackElo "1965"]
[PlyCount "87"]
[EventDate "2015.12.04"]
[EventType "swiss"]
[EventRounds "7"]
[EventCountry "ESP"]
[SourceTitle "EXT 2024"]
[Source "ChessBase"]
[SourceDate "2023.10.10"]
[SourceVersion "1"]
[SourceVersionDate "2023.10.10"]
[SourceQuality "1"]

1. e4 c5 2. Nf3 d6 3. d4 cxd4 4. Nxd4 Nf6 5. Nc3 a6 6. Be3 e6 7. f3 b5 8. a4 b4 9. Na2 Bb7 10. Qd2 a5 11. c3 bxc3 12. Nxc3 Nbd7 13. Bb5 Rc8 14. 0-0 Be7 15. Rfd1 0-0 16. Nb3 Ne5 17. Qf2 Nfd7 18. Qe2 Bc6 19. Rac1 Bxb5 20. Nxb5 Rxc1 21. Rxc1 Nc5 22. Nxc5 dxc5 23. f4 Qd3 24. Kf2 Qxe2+ 25. Kxe2 Nd7 26. b3 Nf6 27. Kf3 Rc8 28. e5 Nd5 29. Bd2 Ra8 30. Nd6 Rb8 31. Rxc5 Rxb3+ 32. Ke2 g5 33. f5 Nf4+ 34. Bxf4 gxf4 35. f6 Bf8 36. Rxa5 h6 37. Rb5 Re3+ 38. Kf2 Rd3 39. Rb8 Rd5 40. Nc4 Rc5 41. Nb6 Rc7 42. a5 Ra7 43. a6 Rc7 44. Kf3 1-0

[Event "Foment Martinenc op-A 17th"]
[Site "Barcelona"]
[Date "2015.06.13"]
[Round "8"]
[White "Orteu Capdevila, Max"]
[Black "Povill Claros, Xavier"]
[Result "1/2-1/2"]
[WhiteElo "2153"]
[BlackElo "2005"]
[PlyCount "97"]
[EventDate "2015.04.25"]
[EventType "swiss"]
[EventRounds "9"]
[EventCountry "ESP"]
[SourceTitle "EXT 2017"]
[Source "ChessBase"]
[SourceDate "2016.10.25"]
[SourceVersion "1"]
[SourceVersionDate "2016.10.25"]
[SourceQuality "1"]

1. c4 c5 2. Nc3 Nc6 3. g3 g6 4. Bg2 Bg7 5. e3 e6 6. Nge2 Nge7 7. 0-0 0-0 8. d4 cxd4 9. Nxd4 d5 10. cxd5 Nxd5 11. Nxd5 Nxd4 12. exd4 exd5 13. Bf4 Be6 14. Be5 Bh6 15. Re1 Qd7 16. Qb3 Rac8 17. f4 Rc4 18. Bf6 Bg7 19. Bxg7 Kxg7 20. Bf1 Rc7 21. Rac1 Rfc8 22. Qe3 a6 23. Bg2 Rc6 24. Rxc6 Qxc6 25. Bf3 Qd7 26. Rc1 Rc6 27. Rc3 Qc8 28. Kf2 Rc4 29. Qe5+ Kg8 30. Rxc4 Qxc4 31. Qb8+ Kg7 32. Qe5+ Kg8 33. Qb8+ Bc8 34. Bxd5 Qxd4+ 35. Kf1 Qd1+ 36. Kf2 Qxd5 37. Qxc8+ Kg7 38. Qc3+ Kf8 39. a3 h5 40. Ke3 Qg2 41. Qh8+ Ke7 42. Qe5+ Kd7 43. Qd4+ Kc7 44. Qc5+ Kd7 45. Qd4+ Kc7 46. Qc5+ Kd7 47. Qd4+ Kc7 48. Qc5+ Kd7 49. Qd4+ 1/2-1/2

[Event "Foment Martinenc op-A 17th"]
[Site "Barcelona"]
[Date "2015.05.30"]
[Round "6"]
[White "Orteu Capdevila, Max"]
[Black "Guevara Pijoan, Josep"]
[Result "1/2-1/2"]
[WhiteElo "2153"]
[BlackElo "2143"]
[PlyCount "58"]
[EventDate "2015.04.25"]
[EventType "swiss"]
[EventRounds "9"]
[EventCountry "ESP"]
[SourceTitle "EXT 2017"]
[Source "ChessBase"]
[SourceDate "2016.10.25"]
[SourceVersion "1"]
[SourceVersionDate "2016.10.25"]
[SourceQuality "1"]

1. d4 f5 2. c4 Nf6 3. Nf3 g6 4. g3 Bg7 5. Bg2 0-0 6. 0-0 d6 7. Nc3 Nc6 8. Bf4 Nh5 9. d5 Ne5 10. Nxe5 Nxf4 11. Nc6 Nxe2+ 12. Qxe2 bxc6 13. Rfe1 c5 14. Qxe7 Bf6 15. Qe3 Rb8 16. Qd2 Bd4 17. Nb5 Be5 18. f4 Bf6 19. Rab1 a6 20. Na7 Bd4+ 21. Kh1 Qf6 22. Re2 Bd7 23. Nc6 Bxc6 24. dxc6 Rfe8 25. Bd5+ Kf8 26. b3 Bc3 27. Rxe8+ Rxe8 28. Qd3 Bd4 29. Qd2 Bc3 1/2-1/2

[Event "Foment Martinenc op-A 17th"]
[Site "Barcelona"]
[Date "2015.05.23"]
[Round "5"]
[White "Orteu Capdevila, Max"]
[Black "Obon Temprano, Sergi"]
[Result "1/2-1/2"]
[WhiteElo "2153"]
[BlackElo "2268"]
[PlyCount "63"]
[EventDate "2015.04.25"]
[EventType "swiss"]
[EventRounds "9"]
[EventCountry "ESP"]
[SourceTitle "EXT 2017"]
[Source "ChessBase"]
[SourceDate "2016.10.25"]
[SourceVersion "1"]
[SourceVersionDate "2016.10.25"]
[SourceQuality "1"]

1. c4 e6 2. Nf3 d5 3. d4 Nf6 4. g3 c6 5. Bg2 Bb4+ 6. Nbd2 0-0 7. 0-0 Nbd7 8. Qc2 Qe7 9. e4 dxe4 10. Nxe4 h6 11. a3 Ba5 12. Bf4 Nxe4 13. Qxe4 Nf6 14. Qe5 Bb6 15. Qd6 Qxd6 16. Bxd6 Rd8 17. Be7 Re8 18. Bc5 Bxc5 19. dxc5 e5 20. Rfe1 e4 21. Nd4 Rd8 22. Nb3 a5 23. Rad1 Rxd1 24. Rxd1 Be6 25. Rd4 a4 26. Nd2 Ra5 27. Nxe4 Nxe4 28. Bxe4 f5 29. Bc2 Rxc5 30. Bxa4 Rxc4 31. Rxc4 Bxc4 32. Bc2 1/2-1/2